[Event "NOR-chB"]
[Site "Oslo"]
[Date "2023.07.08"]
[Round "9"]
[White "Woldseth, Ole"]
[Black "David, Eldin"]
[Result "1/2-1/2"]
[WhiteElo "1984"]
[BlackElo "1943"]
[PlyCount "83"]
[EventDate "2023.06.30"]
[EventType "swiss"]
[EventRounds "9"]
[EventCountry "NOR"]
[SourceTitle "EXT 2024"]
[Source "ChessBase"]
[SourceDate "2023.10.10"]
[SourceVersion "1"]
[SourceVersionDate "2023.10.10"]
[SourceQuality "1"]

1. d4 d5 2. Bf4 e6 3. e3 c6 4. c4 Nf6 5. Nc3 Bd6 6. Bg3 b6 7. cxd5 exd5 8. Nf3 0-0 9. Rc1 Bg4 10. Be2 Re8 11. 0-0 Bxg3 12. hxg3 Nbd7 13. Qa4 b5 14. Qb3 a5 15. Ne1 b4 16. Bxg4 Nxg4 17. Ne2 Qf6 18. Qa4 Re6 19. Nf4 Rd6 20. Qd1 Qf5 21. Nf3 Re8 22. Qd3 Qxd3 23. Nxd3 Ra8 24. Nd2 Ngf6 25. Rc2 Kf8 26. Rfc1 Ra6 27. Ne5 Nb8 28. g4 Nfd7 29. Nxd7+ Nxd7 30. Nb3 a4 31. Nc5 Nxc5 32. Rxc5 Ke7 33. f4 Kd7 34. Kf2 a3 35. b3 Ra8 36. Rh1 h6 37. Rh5 f6 38. Ke2 Re6 39. Kd3 Rae8 40. Rh3 Ra8 41. Rc1 Kd6 42. Rc5 1/2-1/2

[Event "NOR-chB"]
[Site "Oslo"]
[Date "2023.07.05"]
[Round "6"]
[White "Thorgersen, Trond M"]
[Black "Woldseth, Ole"]
[Result "0-1"]
[WhiteElo "2105"]
[BlackElo "1984"]
[PlyCount "120"]
[EventDate "2023.06.30"]
[EventType "swiss"]
[EventRounds "9"]
[EventCountry "NOR"]
[SourceTitle "EXT 2024"]
[Source "ChessBase"]
[SourceDate "2023.10.10"]
[SourceVersion "1"]
[SourceVersionDate "2023.10.10"]
[SourceQuality "1"]

1. e4 c6 2. Nf3 d5 3. d3 Bg4 4. h3 Bxf3 5. Qxf3 e6 6. g3 Nf6 7. Bg2 Be7 8. 0-0 0-0 9. a4 a5 10. Kh2 Na6 11. Qe2 Nd7 12. f4 f5 13. Nd2 Nac5 14. c3 Bf6 15. e5 Be7 16. b4 axb4 17. cxb4 Nxa4 18. Qd1 Nc3 19. Rxa8 Qxa8 20. Qb3 Nb5 21. Bb2 Qa7 22. Nf3 Ra8 23. Ra1 Qb8 24. Rxa8 Qxa8 25. Bf1 Qa7 26. d4 Nc7 27. g4 g6 28. g5 Qb6 29. b5 Nxb5 30. Bxb5 Qxb5 31. Qxb5 cxb5 32. Nd2 Nb6 33. Nb3 Na4 34. Ba1 b6 35. Kg2 h6 36. h4 h5 37. Kf3 Bb4 38. Ke2 Kf7 39. Nc1 Ke8 40. Nd3 Ba5 41. Kd1 Nc3+ 42. Kc2 Ne4 43. Bb2 Kd7 44. Bc1 Kc6 45. Kb3 Bd2 46. Kc2 Bc3 47. Bb2 b4 48. Kb3 Kb5 49. Bc1 Bxd4 50. Nxb4 Bf2 51. Ba3 Nc5+ 52. Kc2 Bxh4 53. Kd2 Bg3 54. Ke3 Bh2 55. Nc2 Kc4 56. Kf3 Bg1 57. Bc1 b5 58. Be3 Bxe3 59. Nxe3+ Kd3 60. Nxf5 exf5 0-1

[Event "NOR-ch Master"]
[Site "Sarpsborg"]
[Date "2018.07.06"]
[Round "1"]
[White "Royset, Pal"]
[Black "Woldseth, Ole"]
[Result "1/2-1/2"]
[WhiteElo "2231"]
[BlackElo "2056"]
[PlyCount "99"]
[EventDate "2018.07.07"]
[EventType "swiss"]
[EventRounds "9"]
[EventCountry "NOR"]
[SourceTitle "EXT 2024"]
[Source "ChessBase"]
[SourceDate "2023.10.10"]
[SourceVersion "1"]
[SourceVersionDate "2023.10.10"]
[SourceQuality "1"]

1. e4 c6 2. d4 d5 3. exd5 cxd5 4. Bd3 Nc6 5. c3 Qc7 6. Nf3 Bg4 7. 0-0 Nf6 8. Re1 e6 9. Nbd2 Bd6 10. Nf1 0-0 11. Bg5 a6 12. Ng3 Nh5 13. Rc1 b5 14. Bd2 Bf4 15. Bxf4 Qxf4 16. Re3 Nf6 17. h3 Bxf3 18. Rxf3 Qg5 19. a3 Na5 20. Rc2 Nc4 21. Re2 Rfc8 22. Nf1 Nh5 23. g3 g6 24. h4 Qh6 25. Nh2 Rc7 26. Ng4 Qg7 27. Qc1 Rac8 28. Bxc4 bxc4 29. Qg5 Kh8 30. Nh6 f6 31. Qc1 Qe7 32. g4 Ng7 33. Qf4 Rf8 34. g5 Nh5 35. Qh2 Rcc8 36. gxf6 Rxf6 37. Qe5 Qg7 38. Rxf6 Qxf6 39. Qxe6 Qxe6 40. Rxe6 Rb8 41. Rxa6 Rxb2 42. Ng4 Rb3 43. Ra8+ Kg7 44. Ra7+ Kg8 45. Ra8+ Kg7 46. Ra7+ Kg8 47. Ra5 Rxc3 48. Rxd5 Rxa3 49. Rd8+ Kg7 50. Rd7+ 1/2-1/2

[Event "NOR-chT Club"]
[Site "Bergen"]
[Date "2018.05.10"]
[Round "1.9"]
[White "Woldseth, Ole"]
[Black "Howell, David"]
[Result "0-1"]
[WhiteElo "2073"]
[BlackElo "2701"]
[PlyCount "82"]
[EventDate "2018.05.10"]
[EventType "team-swiss"]
[EventRounds "6"]
[EventCountry "NOR"]
[SourceTitle "EXT 2019"]
[Source "ChessBase"]
[SourceDate "2018.10.10"]
[SourceVersion "1"]
[SourceVersionDate "2018.10.10"]
[SourceQuality "1"]
[WhiteTeam "Sotra"]
[BlackTeam "Valerenga"]
[WhiteTeamCountry "NOR"]
[BlackTeamCountry "NOR"]

1. d4 e6 2. Nf3 Nf6 3. c4 c5 4. d5 exd5 5. cxd5 d6 6. Nc3 g6 7. Bf4 a6 8. a4 Bg7 9. h3 0-0 10. e3 Qe7 11. Be2 Nbd7 12. 0-0 Rb8 13. Qb3 Ne8 14. Nd2 f5 15. Rfe1 Kh8 16. Nc4 b6 17. Bg3 Be5 18. Bxe5+ dxe5 19. f4 Nd6 20. Rad1 e4 21. Kh2 Nxc4 22. Qxc4 Qd6 23. Rb1 Bb7 24. b4 cxb4 25. Rxb4 Rbc8 26. Qb3 Rc5 27. Rd1 Rfc8 28. Rc4 Nf6 29. Rdd4 h5 30. g3 Kh7 31. Qd1 Rxc4 32. Bxc4 h4 33. Ne2 hxg3+ 34. Nxg3 Rc5 35. Qe2 a5 36. Kg1 Bxd5 37. Qd2 Qc6 38. Bxd5 Rxd5 39. Ne2 Qc5 40. Rxd5 Nxd5 41. Nd4 Qc3 0-1

[Event "NOR-chB"]
[Site "Oslo"]
[Date "2015.07.06"]
[Round "3"]
[White "Woldseth, Ole"]
[Black "Eckhardt, Lars H"]
[Result "1-0"]
[WhiteElo "2058"]
[BlackElo "1943"]
[PlyCount "49"]
[EventDate "2015.07.04"]
[EventType "swiss"]
[EventRounds "9"]
[EventCountry "NOR"]
[SourceTitle "EXT 2017"]
[Source "ChessBase"]
[SourceDate "2016.10.25"]
[SourceVersion "1"]
[SourceVersionDate "2016.10.25"]
[SourceQuality "1"]

1. d4 d5 2. c4 e6 3. Nc3 Nf6 4. Bg5 Bb4 5. e3 h6 6. Bxf6 Qxf6 7. Nf3 0-0 8. a3 Bxc3+ 9. bxc3 dxc4 10. Bxc4 c5 11. 0-0 cxd4 12. cxd4 Nc6 13. Qe2 b6 14. Rac1 Bb7 15. Ba6 Qe7 16. Rc3 Rac8 17. Rfc1 Rfd8 18. h3 f6 19. Ne1 Qd7 20. Bxb7 Qxb7 21. Qf3 Rd6 22. Nd3 Qd7 23. Nb4 Ne7 24. Rxc8+ Nxc8 25. Qa8 1-0

[Event "NOR-chB"]
[Site "Oslo"]
[Date "2015.07.04"]
[Round "5"]
[White "Gandrud, Vegar Koi"]
[Black "Woldseth, Ole"]
[Result "0-1"]
[WhiteElo "2228"]
[BlackElo "2058"]
[PlyCount "82"]
[EventDate "2015.07.04"]
[EventType "swiss"]
[EventRounds "9"]
[EventCountry "NOR"]
[SourceTitle "EXT 2017"]
[Source "ChessBase"]
[SourceDate "2016.10.25"]
[SourceVersion "1"]
[SourceVersionDate "2016.10.25"]
[SourceQuality "1"]

1. d4 Nf6 2. c4 e6 3. Nc3 Bb4 4. e3 b6 5. Nge2 Ne4 6. Qc2 Bb7 7. a3 Bxc3+ 8. Nxc3 Nxc3 9. Qxc3 0-0 10. b4 d6 11. Bb2 Nd7 12. c5 Bd5 13. c6 Nf6 14. f3 a5 15. bxa5 Rxa5 16. Bd3 e5 17. Qc2 e4 18. fxe4 Nxe4 19. 0-0 Qg5 20. Rf4 f5 21. Raf1 Rf6 22. Bc1 Ra8 23. Bc4 Bxc4 24. Qxc4+ Kh8 25. d5 Re8 26. Qc2 h5 27. Bb2 Rff8 28. Qd1 Kg8 29. Qd4 Re7 30. Qd1 Ref7 31. Kh1 Qh6 32. Qd4 h4 33. Kg1 g5 34. R4f3 g4 35. Rf4 h3 36. gxh3 Qxh3 37. Qd3 g3 38. Qe2 Rh7 39. R4f3 gxh2+ 40. Kh1 Ng3+ 41. Rxg3+ Qxg3 0-1

[Event "Prague op-A 14th"]
[Site "Prague"]
[Date "2015.01.12"]
[Round "5"]
[White "Bhakti, Kulkarni"]
[Black "Woldseth, Ole"]
[Result "1/2-1/2"]
[WhiteElo "2292"]
[BlackElo "2082"]
[PlyCount "41"]
[EventDate "2015.01.09"]
[EventType "swiss"]
[EventRounds "9"]
[EventCountry "CZE"]
[SourceTitle "CBM 164 Extra"]
[Source "ChessBase"]
[SourceDate "2015.03.02"]
[SourceVersion "1"]
[SourceVersionDate "2015.03.02"]
[SourceQuality "1"]

1. d4 Nf6 2. c4 e6 3. Nc3 Bb4 4. Qb3 c5 5. dxc5 Nc6 6. Bg5 h6 7. Bxf6 Qxf6 8. Nf3 Bxc3+ 9. Qxc3 Qxc3+ 10. bxc3 Ke7 11. e3 b6 12. cxb6 axb6 13. a4 Ra5 14. Nd2 Bb7 15. Nb3 Re5 16. c5 Na5 17. Ra3 Nxb3 18. Rxb3 Rxc5 19. Rxb6 Bc6 20. Bb5 Rxc3 21. 0-0 1/2-1/2

[Event "NOR-ch Master"]
[Site "Lillehammer"]
[Date "2013.06.29"]
[Round "7"]
[White "Woldseth, Ole"]
[Black "Martinsen, Stig K"]
[Result "1/2-1/2"]
[WhiteElo "1986"]
[BlackElo "2145"]
[PlyCount "99"]
[EventDate "2013.06.29"]
[EventType "swiss"]
[EventRounds "9"]
[EventCountry "NOR"]
[SourceTitle "EXT 2018"]
[Source "ChessBase"]
[SourceDate "2017.10.13"]
[SourceVersion "1"]
[SourceVersionDate "2017.10.13"]
[SourceQuality "1"]

1. d4 d6 2. e4 Nf6 3. Nc3 g6 4. Be3 c6 5. Qd2 b5 6. f3 Nbd7 7. d5 b4 8. dxc6 bxc3 9. cxd7+ Bxd7 10. Qxc3 Bg7 11. Bc4 0-0 12. Qd2 Qc7 13. Bb3 a5 14. a4 Rfd8 15. Ne2 d5 16. exd5 Bc6 17. Nc3 Nxd5 18. Bxd5 Bxd5 19. Nxd5 Qb7 20. c4 e6 21. Rd1 exd5 22. cxd5 Qxb2 23. Qxb2 Bxb2 24. Kf2 Rac8 25. Rhe1 Rc4 26. Re2 Bf6 27. Ra2 Be7 28. Bb6 Bc5+ 29. Bxc5 Rxc5 30. Rad2 Rc4 31. Rd4 Rxd4 32. Rxd4 Kf8 33. Ke3 Ke7 34. Kd3 Kd6 35. Rc4 Rb8 36. Kd4 Rb2 37. Rc6+ Kd7 38. Ra6 Rxg2 39. Rxa5 Rxh2 40. Ra7+ Kd6 41. Ra6+ Kd7 42. Kc5 Rc2+ 43. Kb6 Rb2+ 44. Ka7 h5 45. Rb6 Rxb6 46. Kxb6 h4 47. a5 h3 48. a6 h2 49. a7 h1Q 50. a8Q 1/2-1/2

[Event "Bergen NGP op"]
[Site "Bergen"]
[Date "2013.05.31"]
[Round "2"]
[White "Kyrkjebo, Hannah Bakken"]
[Black "Woldseth, Ole"]
[Result "0-1"]
[WhiteElo "1567"]
[BlackElo "1994"]
[PlyCount "146"]
[EventDate "2013.05.31"]
[EventType "swiss"]
[EventRounds "5"]
[EventCountry "NOR"]
[SourceTitle "CBM 154 Extra"]
[Source "ChessBase"]
[SourceDate "2013.06.25"]
[SourceVersion "2"]
[SourceVersionDate "2013.06.25"]
[SourceQuality "1"]

1. e4 c6 2. d4 d5 3. e5 Bf5 4. Nf3 e6 5. Be2 Nd7 6. 0-0 Ne7 7. Be3 c5 8. c4 Bg4 9. Nfd2 cxd4 10. Bxd4 Bxe2 11. Qxe2 Nc6 12. Qe3 Nxd4 13. Qxd4 Bc5 14. Qf4 0-0 15. Nc3 Nb6 16. Rfd1 Bb4 17. Qd4 Rc8 18. cxd5 Bxc3 19. bxc3 Nxd5 20. Ne4 Qa5 21. c4 Nf4 22. Ng3 Ng6 23. Re1 Rfd8 24. Qe4 b6 25. Re2 Qc5 26. Rc1 Rd4 27. Qe3 Rxc4 28. Rd1 Rc1 29. Rxc1 Qxc1+ 30. Qxc1 Rxc1+ 31. Nf1 Rc5 32. Rd2 Rxe5 33. Ne3 Nf8 34. g3 Ra5 35. Nc4 Rd5 36. Re2 Nd7 37. Ne3 Rd4 38. Rc2 Nc5 39. Nc4 h5 40. h4 g6 41. Ne5 Kg7 42. Rc3 Rd1+ 43. Kg2 Rd2 44. a3 Rxf2+ 45. Kxf2 Ne4+ 46. Ke3 Nxc3 47. Nc6 Nd5+ 48. Kd4 a5 49. Ne5 f6 50. Nc4 Kf7 51. Nd6+ Ke7 52. Nb5 Kd7 53. a4 Ne7 54. Ke4 Nf5 55. Kf4 e5+ 56. Kf3 Kc6 57. Nc3 Nd6 58. Ke3 f5 59. Kf3 b5 60. axb5+ Nxb5 61. Na4 Nd4+ 62. Ke3 Kd6 63. Nc3 Ne6 64. Kd3 Nc5+ 65. Ke3 a4 66. Nb5+ Kc6 67. Na3 Kd5 68. Nb5 Kc4 69. Na3+ Kb3 70. Nb1 Ne4 71. Kd3 Kb2 72. Nd2 Nxd2 73. Kxd2 a3 0-1

[Event "NOR-chT West 1Div Nord 1011"]
[Site "Norway"]
[Date "2011.01.16"]
[Round "3"]
[White "Woldseth, Ole"]
[Black "Rasdal, Yngve"]
[Result "1-0"]
[WhiteElo "1937"]
[BlackElo "1458"]
[PlyCount "73"]
[EventDate "2010.11.06"]
[EventType "team"]
[EventRounds "5"]
[EventCountry "NOR"]
[SourceTitle "EXT 2015"]
[Source "ChessBase"]
[SourceDate "2014.11.20"]
[SourceVersion "1"]
[SourceVersionDate "2014.11.20"]
[SourceQuality "1"]

1. d4 d5 2. c4 c6 3. Nc3 Nf6 4. Nf3 e6 5. e3 Nbd7 6. Bd3 dxc4 7. Bxc4 b5 8. Bd3 a6 9. 0-0 c5 10. Qe2 c4 11. Bc2 Bb4 12. a4 Bxc3 13. bxc3 Bb7 14. Ba3 Nd5 15. Qd2 Ne7 16. e4 0-0 17. axb5 axb5 18. Qg5 Nf6 19. Qxb5 Bxe4 20. Bxe4 Nxe4 21. Qb7 Rxa3 22. Rxa3 Nd5 23. Rfa1 g6 24. Qb2 Nf4 25. Qc2 Nd3 26. Nd2 Nexf2 27. Nxc4 Qg5 28. Rf1 Nh3+ 29. Kh1 Nhf4 30. Ra5 Qh4 31. g3 Qh3 32. Ne3 Rb8 33. Ra2 Nd5 34. Ng2 Rc8 35. Qxd3 Rxc3 36. Qe2 Rxg3 37. Qf2 1-0

[Event "Bergen Sommer op"]
[Site "Bergen"]
[Date "2010.08.04"]
[Round "4"]
[White "Woldseth, Ole"]
[Black "Strand, Oyvin"]
[Result "0-1"]
[WhiteElo "2118"]
[BlackElo "1939"]
[PlyCount "66"]
[EventDate "2010.08.01"]
[EventType "swiss"]
[EventRounds "6"]
[EventCountry "NOR"]
[SourceTitle "EXT 2012"]
[Source "ChessBase"]
[SourceDate "2011.11.24"]
[SourceVersion "1"]
[SourceVersionDate "2011.11.24"]
[SourceQuality "1"]

1. d4 d5 2. Bf4 e6 3. e3 Bd6 4. Bxd6 Qxd6 5. Qg4 g6 6. Nd2 Ne7 7. 0-0-0 Nd7 8. Ngf3 c6 9. Qg3 Nf5 10. Qxd6 Nxd6 11. Bd3 f5 12. h4 h6 13. Rdf1 Ke7 14. c4 Kf6 15. c5 Nf7 16. b4 e5 17. Be2 Re8 18. Re1 e4 19. Ng1 b6 20. Nb3 a5 21. b5 a4 22. Na1 cxb5 23. Bxb5 bxc5 24. dxc5 Ra5 25. Bxd7 Bxd7 26. Ne2 Rxc5+ 27. Nc2 Ne5 28. Kd2 Nc4+ 29. Kd1 Rb8 30. Nc3 Na3 31. Nxe4+ dxe4 32. Nxa3 Rc3 33. Nc2 Rb2 0-1

[Event "Bergen Sommer op"]
[Site "Bergen"]
[Date "2010.08.02"]
[Round "2"]
[White "Woldseth, Ole"]
[Black "Skoien, Havard"]
[Result "1-0"]
[WhiteElo "2118"]
[BlackElo "2128"]
[PlyCount "105"]
[EventDate "2010.08.01"]
[EventType "swiss"]
[EventRounds "6"]
[EventCountry "NOR"]
[SourceTitle "EXT 2012"]
[Source "ChessBase"]
[SourceDate "2011.11.24"]
[SourceVersion "1"]
[SourceVersionDate "2011.11.24"]
[SourceQuality "1"]

1. d4 e6 2. Nf3 Nf6 3. c4 Nc6 4. Nc3 Bb4 5. Bg5 h6 6. Bh4 g5 7. Bg3 Ne4 8. Rc1 d5 9. e3 h5 10. h4 Nxg3 11. fxg3 g4 12. Ne5 Bd7 13. cxd5 exd5 14. Nxc6 Bxc6 15. Bd3 Qd6 16. Kf2 Bxc3 17. Rxc3 a6 18. Qe1 Bb5 19. Rf1 Rh6 20. Kg1 Bxd3 21. Rxd3 Rf6 22. e4 Rxf1+ 23. Kxf1 0-0-0 24. e5 Qb6 25. Qf2 Qg6 26. Rd1 Re8 27. Kg1 Re7 28. Rf1 Kd8 29. Qf5 Qh6 30. Rf4 Qg6 31. b4 b6 32. a4 a5 33. bxa5 bxa5 34. Qxg6 fxg6 35. Rf6 c5 36. Rd6+ Kc7 37. Rxd5 cxd4 38. Rxa5 Kb6 39. Rb5+ Kc6 40. Ra5 Kb6 41. Rd5 Kc6 42. Rxd4 Rxe5 43. Kf2 g5 44. Rb4 Rf5+ 45. Ke3 gxh4 46. gxh4 g3 47. Rf4 Rc5 48. Rf6+ Kd7 49. Kf4 Rc4+ 50. Kxg3 Rxa4 51. Rf5 Ra3+ 52. Kh2 Ra4 53. Rxh5 1-0

[Event "Hordaland-ch op"]
[Site "Knarrevik"]
[Date "2010.04.16"]
[Round "5"]
[White "Strand, Oyvin"]
[Black "Woldseth, Ole"]
[Result "0-1"]
[WhiteElo "1949"]
[BlackElo "2104"]
[PlyCount "70"]
[EventDate "2010.04.16"]
[EventType "swiss"]
[EventRounds "5"]
[EventCountry "NOR"]
[SourceTitle "EXT 2012"]
[Source "ChessBase"]
[SourceDate "2011.11.24"]
[SourceVersion "1"]
[SourceVersionDate "2011.11.24"]
[SourceQuality "1"]

1. d4 d5 2. e3 Bf5 3. f4 e6 4. Nf3 Nf6 5. Be2 c5 6. 0-0 Nc6 7. c3 Bd6 8. Ne5 Qc7 9. Nd2 g5 10. Ndf3 gxf4 11. exf4 cxd4 12. Nxc6 bxc6 13. Nxd4 Bc5 14. Be3 Be4 15. Bf3 Bd6 16. Bxe4 Nxe4 17. Qa4 Kd7 18. Rac1 Rab8 19. b4 Rb6 20. a3 Qb7 21. c4 Ra6 22. Qb3 c5 23. Nb5 d4 24. Nxd6 Rxd6 25. Qa4+ Ke7 26. bxc5 Nxc5 27. Qa5 Rg8 28. Rc2 Nb3 29. Qe5 dxe3 30. Qxe3 Nd4 31. Rd2 Nf5 32. Qc5 Qb6 33. Qxb6 axb6 34. Rb2 Ne3 35. Rfb1 Nxc4 0-1

[Event "Sotra Varturneringen"]
[Site "Sotra"]
[Date "2006.05.11"]
[Round "9"]
[White "Brattetveit, Kenneth"]
[Black "Woldseth, Ole"]
[Result "1/2-1/2"]
[WhiteElo "1648"]
[BlackElo "1804"]
[PlyCount "105"]
[EventDate "2006.01.19"]
[EventType "swiss"]
[EventRounds "9"]
[EventCountry "NOR"]
[SourceTitle "EXT 2007"]
[Source "ChessBase"]
[SourceDate "2006.11.23"]
[SourceVersion "1"]
[SourceVersionDate "2006.11.23"]
[SourceQuality "1"]

1. e4 c6 2. d4 d5 3. Nc3 dxe4 4. Nxe4 Nd7 5. Nf3 Ngf6 6. Bd3 Nxe4 7. Bxe4 Nf6 8. Bd3 Bg4 9. c3 e6 10. h3 Bh5 11. Bf4 Qd5 12. Be2 Qe4 13. Be5 Nd7 14. Bg3 Bxf3 15. gxf3 Qd5 16. Bd3 a6 17. Qe2 Be7 18. 0-0 0-0 19. f4 Rfe8 20. Rad1 Nf6 21. c4 Qh5 22. Qxh5 Nxh5 23. f5 Rad8 24. fxe6 fxe6 25. Be5 Rf8 26. f4 Ng3 27. Rf2 Nf5 28. Re2 g6 29. Bc2 Rd7 30. Kf2 Rfd8 31. Bxf5 gxf5 32. Rg1+ Kf8 33. Ke3 Bh4 34. Reg2 Rf7 35. Rg8+ Ke7 36. R8g7 Bf6 37. Rg8 Bxe5 38. dxe5 c5 39. Rxd8 Kxd8 40. Rg8+ Kc7 41. Re8 Kd7 42. Rb8 Kc7 43. Re8 Kd7 44. Rg8 Kc6 45. Rd8 Kc7 46. Rd6 Re7 47. Kf3 b6 48. Kg3 Rg7+ 49. Kf3 Rg6 50. a4 a5 51. Rd2 h5 52. Rd6 h4 53. Kf2 1/2-1/2

[Event "Sotra Varturneringen"]
[Site "Sotra"]
[Date "2006.02.16"]
[Round "3"]
[White "Woldseth, Ole"]
[Black "Brattetveit, Kenneth"]
[Result "1/2-1/2"]
[WhiteElo "1804"]
[BlackElo "1648"]
[PlyCount "90"]
[EventDate "2006.01.19"]
[EventType "swiss"]
[EventRounds "9"]
[EventCountry "NOR"]
[SourceTitle "EXT 2007"]
[Source "ChessBase"]
[SourceDate "2006.11.23"]
[SourceVersion "1"]
[SourceVersionDate "2006.11.23"]
[SourceQuality "1"]

1. d4 d5 2. Bf4 Nf6 3. e3 c6 4. c4 Bf5 5. cxd5 Nxd5 6. Bxb8 Rxb8 7. Nc3 e6 8. Nf3 Bb4 9. Rc1 Nxc3 10. bxc3 Ba3 11. Nd2 Bxc1 12. Qxc1 0-0 13. e4 Bg6 14. Bd3 e5 15. Qb2 exd4 16. cxd4 Qb6 17. Nb3 Rfe8 18. f3 Qb4+ 19. Qd2 Qd6 20. 0-0 f6 21. Kh1 Bf7 22. f4 Rbd8 23. Rd1 Kh8 24. e5 fxe5 25. dxe5 Qe7 26. Qc3 Rd5 27. Re1 Bg8 28. Bc4 Rc5 29. Nxc5 Qxc5 30. Rc1 Rd8 31. h3 Bxc4 32. Qxc4 Rd1+ 33. Rxd1 Qxc4 34. Rd8+ Qg8 35. Rxg8+ Kxg8 36. Kg1 b5 37. Kf2 a5 38. Ke3 c5 39. f5 Kf7 40. g4 a4 41. g5 a3 42. Kd3 b4 43. Kc4 Ke7 44. h4 g6 45. f6+ Ke6 1/2-1/2

[Event "Sotra Hostturneringen"]
[Site "Sotra"]
[Date "2005.08.25"]
[Round "1"]
[White "Blom, Geir"]
[Black "Woldseth, Ole"]
[Result "0-1"]
[WhiteElo "1251"]
[BlackElo "1773"]
[PlyCount "100"]
[EventDate "2005.08.25"]
[EventType "swiss"]
[EventRounds "9"]
[EventCountry "NOR"]
[SourceTitle "EXT 2007"]
[Source "ChessBase"]
[SourceDate "2006.11.23"]
[SourceVersion "1"]
[SourceVersionDate "2006.11.23"]
[SourceQuality "1"]

1. e4 e6 2. d4 b6 3. Bd3 Bb7 4. a3 f5 5. Nc3 Nf6 6. Qe2 c5 7. Nf3 fxe4 8. Nxe4 Be7 9. c3 0-0 10. Bd2 cxd4 11. Nxd4 Nc6 12. Nxc6 Bxc6 13. 0-0-0 Nxe4 14. Bxe4 Bxe4 15. Qxe4 Rxf2 16. h4 Rc8 17. Be1 Rf5 18. g4 Rfc5 19. Rd3 Rc4 20. Qg2 d5 21. g5 Qe8 22. h5 Re4 23. g6 h6 24. Bd2 Qb5 25. Rhh3 Rf8 26. Rhf3 Rf5 27. Rxf5 exf5 28. Qf3 Qd7 29. Kb1 Qe6 30. Ka2 b5 31. Qd1 a5 32. Qb3 d4 33. Qxe6+ Rxe6 34. Rxd4 Rd6 35. Rxd6 Bxd6 36. b3 f4 37. c4 f3 38. Be3 bxc4 39. bxc4 Bg3 40. Kb3 f2 41. Bxf2 Bxf2 42. Ka4 Bc5 43. Kxa5 Bxa3 44. Kb6 Kf8 45. c5 Ke7 46. Kc6 Kf6 47. Kd5 Bc1 48. Kd6 Ba3 49. Kd5 Bxc5 50. Kxc5 Kg5 0-1

[Event "NOR-chT north 0304"]
[Site "Norway"]
[Date "2004.02.22"]
[Round "2.2"]
[White "Svensson, Bengt"]
[Black "Woldseth, Ole"]
[Result "1-0"]
[WhiteElo "2370"]
[BlackElo "1785"]
[PlyCount "107"]
[EventDate "2004.01.??"]
[EventType "team"]
[EventRounds "5"]
[EventCountry "NOR"]
[SourceTitle "EXT 2006"]
[Source "ChessBase"]
[SourceDate "2005.11.24"]
[SourceVersion "1"]
[SourceVersionDate "2005.11.24"]
[SourceQuality "1"]

1. e4 c6 2. Nf3 d5 3. Nc3 Bg4 4. h3 Bxf3 5. Qxf3 e6 6. d4 dxe4 7. Qe3 Bb4 8. a3 Bxc3+ 9. Qxc3 Nf6 10. Bc4 Nbd7 11. 0-0 Nb6 12. Bb3 0-0 13. Re1 Qc7 14. Bg5 Nbd5 15. Qd2 b5 16. c3 e5 17. a4 a6 18. Bc2 e3 19. fxe3 e4 20. Rf1 Qg3 21. Bxf6 Nxf6 22. Rf4 Rae8 23. Qf2 Qxf2+ 24. Kxf2 Re6 25. axb5 axb5 26. Ke2 g5 27. Rf5 h6 28. Bb3 Rd6 29. Ra6 Rfd8 30. Rc5 Rc8 31. Rxb5 Rc7 32. Ba2 Kg7 33. Re5 Nh5 34. g4 Nf6 35. b4 Kg6 36. b5 h5 37. Bb1 hxg4 38. hxg4 Nxg4 39. Bxe4+ Kh5 40. Bf3 Kh4 41. Rc5 Re6 42. Bxg4 Kxg4 43. Raxc6 Ra7 44. Rxe6 Ra2+ 45. Kd3 fxe6 46. Re5 Rb2 47. Kc4 Kh4 48. Rxe6 g4 49. Kc5 Kg5 50. Re8 Kf5 51. Rg8 Re2 52. b6 Rxe3 53. b7 Rxc3+ 54. Kd5 1-0